[Event "Kragero Resort Chess A 2018"]
[Site "Kragero"]
[Date "2018.02.25"]
[Round "9"]
[White "Ingebretsen, Jens E"]
[Black "Skotheim, Andreas"]
[Result "0-1"]
[WhiteElo "2174"]
[BlackElo "2025"]
[Annotator "NA"]
[PlyCount "114"]
[EventDate "2018.??.??"]
[EventType "swiss"]
[EventCountry "NOR"]
[SourceTitle "playchess.com"]
[Source "ChessBase"]
[SourceQuality "1"]
[TimeControl "5400+30"]

1. e4 {[%emt 0:00:00]} c5 {[%emt 0:00:08]} 2. Nf3 {[%emt 0:00:00]} e6 {[%emt 0:00:06]} 3. d4 {[%emt 0:00:00]} cxd4 {[%emt 0:00:06]} 4. Nxd4 {[%emt 0:00:00]} Nc6 {[%emt 0:00:09]} 5. Nc3 {[%emt 0:00:00]} Qc7 {[%emt 0:00:09]} 6. Be3 {[%emt 0:00:00]} a6 {[%emt 0:00:06]} 7. Qd2 {[%emt 0:00:00]} Nf6 {[%emt 0:00:08]} 8. f4 {[%emt 0:00:00]} Bb4 {[%emt 0:13:34]} 9. Bd3 {[%emt 0:00:00]} d5 {[%emt 0:00:13]} 10. e5 {[%emt 0:00:41]} Ne4 {[%emt 0:00:41]} 11. Bxe4 {[%emt 0:00:12]} dxe4 {[%emt 0:00:09]} 12. a3 {[%emt 0:00:50]} Bxc3 {[%emt 0:01:11]} 13. Qxc3 {[%emt 0:00:07]} Bd7 {[%emt 0:01:11]} 14. O-O {[%emt 0:01:56]} O-O {[%emt 0:02:01]} 15. Ne2 {[%emt 0:05:12]} Rfc8 {[%emt 0:01:56]} 16. Rad1 {[%emt 0:02:02]} Ne7 {[%emt 0:07:44]} 17. Qxc7 {[%emt 0:11:47]} Rxc7 {[%emt 0:00:08]} 18. Bb6 {[%emt 0:02:50]} Bb5 {[%emt 0:00:18]} 19. Bxc7 {[%emt 0:01:06]} Bxe2 {[%emt 0:00:09]} 20. Bd6 {[%emt 0:15:00]} Bxd1 {[%emt 0:05:29]} 21. Rxd1 {[%emt 0:01:09]} Nd5 {[%emt 0:00:16]} 22. g3 {[%emt 0:03:06]} Rc8 {[%emt 0:00:30]} 23. c3 {[%emt 0:00:34]} b5 {[%emt 0:01:09]} 24. a4 {[%emt 0:02:35]} Nb6 {[%emt 0:09:08]} 25. axb5 {[%emt 0:01:56]} axb5 {[%emt 0:00:18]} 26. Kf2 {[%emt 0:01:19]} Ra8 {[%emt 0:05:19]} 27. Rd4 {[%emt 0:02:42]} Ra2 {[%emt 0:08:29]} 28. Rb4 {[%emt 0:01:54]} Nc4 {[%emt 0:00:29]} 29. Rxb5 {[%emt 0:01:15]} h5 {[%emt 0:01:52]} 30. h3 {[%emt 0:08:36]} Nxb2 {[%emt 0:01:13]} 31. Rb8+ {[%emt 0:01:40]} Kh7 {[%emt 0:00:13]} 32. Rc8 {[%emt 0:04:57]} Nd1+ {[%emt 0:02:45]} 33. Ke1 {[%emt 0:00:25]} Ne3 {[%emt 0:00:13]} 34. c4 {[%emt 0:00:48]} Ng2+ {[%emt 0:01:52]} 35. Kd1 {[%emt 0:02:09]} e3 {[%emt 0:00:43]} 36. Bb4 {[%emt 0:00:13]} e2+ {[%emt 0:01:23]} 37. Kc1 {[%emt 0:00:02]} e1=Q+ {[%emt 0:03:26]} 38. Bxe1 {[%emt 0:00:14]} Nxe1 {[%emt 0:00:15]} 39. c5 {[%emt 0:00:56]} Nd3+ {[%emt 0:00:51]} 40. Kd1 {[%emt 0:00:22]} Ra5 {[%emt 0:00:47]} 41. c6 {[%emt 0:00:16]} Rc5 {[%emt 0:00:24]} 42. g4 {[%emt 0:01:23]} Nxf4 {[%emt 0:00:53]} 43. gxh5 {[%emt 0:00:28]} Nxh5 {[%emt 0:01:06]} 44. Kd2 {[%emt 0:00:49]} Nf4 {[%emt 0:00:45]} 45. Ke3 {[%emt 0:00:13]} Nd5+ {[%emt 0:00:34]} 46. Kd4 {[%emt 0:00:08]} Rc3 {[%emt 0:00:56]} 47. h4 {[%emt 0:00:58]} Kg6 {[%emt 0:00:42]} 48. Ke4 {[%emt 0:00:34]} Ne7 {[%emt 0:02:02]} 49. Rf8 {[%emt 0:01:19]} Rc4+ {[%emt 0:02:30]} 50. Kd3 {[%emt 0:00:15]} Rxc6 {[%emt 0:00:10]} 51. h5+ {[%emt 0:00:07]} Kxh5 {[%emt 0:00:25]} 52. Rxf7 {[%emt 0:00:06]} Nf5 {[%emt 0:00:10]} 53. Rf8 {[%emt 0:00:12]} g5 {[%emt 0:00:29]} 54. Ke4 {[%emt 0:00:05]} Kg4 {[%emt 0:00:21]} 55. Rf6 {[%emt 0:00:20]} Kg3 {[%emt 0:00:55]} 56. Rf8 {[%emt 0:01:10]} Rc3 {[%emt 0:00:21]} 57. Rxf5 {[%emt 0:00:43]} exf5+ {[%emt 0:00:09]} 0-1

[Event "Kragero Resort Chess A 2018"]
[Site "Kragero"]
[Date "2018.02.25"]
[Round "9"]
[White "Bergsson, Stefan"]
[Black "Notkevich, Benjamin Arvola"]
[Result "0-1"]
[WhiteElo "2093"]
[BlackElo "2446"]
[Annotator "TA"]
[PlyCount "94"]
[EventDate "2018.??.??"]
[EventType "swiss"]
[EventCountry "NOR"]
[SourceTitle "playchess.com"]
[Source "ChessBase"]
[SourceQuality "1"]

{[%evp 21,94,1,8,-47,-27,-14,-14,-45,-37,-44,-54,-41,-24,-31,0,0,17,0,7,-17,-17,-106,-20,-92,132,129,115,128,95,118,181,158,179,176,187,-53,-38,-51,-67,-57,-68,-105,0,0,0,0,8,0,22,-168,-165,-165,-165,-162,-162,-161,-158,-158,-159,-162,-161,-229,-217,-185,-164,-233,-187,-461,-461,-461,-405,-626,-601,-1022,-992]} 1. c4 Nf6 2. Nc3 g6 3. g3 Bg7 4. Bg2 O-O 5. Nf3 c6 6. O-O d5 7. cxd5 cxd5 8. d4 Nc6 9. Ne5 e6 10. Bg5 h6 11. Bxf6 {D79: Fianchetto Grünfeld: Symmetrical Variation (6 0-0 c6 7 cxd5 cxd5)} (11. Nxc6 bxc6 12. Bf4 Nd7 13. Qd2 Qb6 14. Rfd1 Ba6 15. Rac1 Rfd8 16. e4 Rac8 17. Na4 Qb5 18. Nc5 Nxc5 19. Rxc5 Qe2 20. Qc1 {1-0 (35) Yu,Y (2753)-Lu,S (2638) Danzhou 2017}) 11... Bxf6 {LiveBook: 3 Games} 12. e4 $146 (12. Nxc6 $11 bxc6 13. Qd2) ({Predecessor:} 12. Nxc6 bxc6 13. Na4 e5 14. dxe5 Bxe5 15. Rc1 Qf6 16. b3 Bf5 17. Qd2 h5 18. e3 Rac8 19. Rfe1 Rfe8 20. e4 dxe4 21. Bxe4 Red8 22. Qc2 Bg4 23. Bg2 Bd4 24. Nc5 Bf5 {½-½ (24) Karlsson,L (2532)-Andreasson,I (2389) Sweden 2003}) 12... Bxe5 13. dxe5 {[%cal Re4d5] Black has an edge.} d4 $1 {[%cal Rd4c3]} 14. Nb5 Qb6 15. a4 a6 16. Na3 {[%cal Bb5a3,Ba3c4,Bc4d6][%mdl 32]} Qxb2 17. f4 Bd7 18. Nc4 Qb4 19. Nd6 b5 20. h4 bxa4 21. h5 (21. Rxa4 $11 {remains equal.} Qb6 22. Kh2) 21... Rab8 ({Black should try} 21... Qb3 $1 $17 {[%cal Rb3g3]} 22. Kh2 Qxd1 23. Rfxd1 gxh5 24. Rxa4 Nxe5 $1 {[%mdl 512]} 25. Raxd4 Ng4+ 26. Kg1 Rab8) 22. Qg4 {[#]} (22. Rxa4 $11 {keeps the balance.} Qb3 23. hxg6 fxg6 24. Qg4) 22... Kg7 $2 (22... g5 $1 $17 {and life is bright.} 23. Rac1 (23. fxg5 Nxe5) 23... Qa3) 23. Qh4 $1 $16 {[%cal Rh4f6]} Nxe5 24. fxe5 g5 25. Qg4 $1 {[%cal Rg4f3] Strongly threatening Qf3.} d3 (25... Qc3 $16 {was necessary.}) 26. Qf3 $18 {Qf6+ would kill now.} Qd4+ {[#]} 27. Kh1 $1 f6 {[#]} 28. exf6+ $2 ({White has to play} 28. Rac1 $1 $18) 28... Rxf6 $15 29. Qxf6+ Qxf6 30. Rxf6 Kxf6 31. Nc4 Bb5 (31... Rb4 $17 32. Ne3 Rb3) 32. e5+ $11 Ke7 33. Nd6 g4 34. Be4 $1 a3 {aiming for ...d2.} 35. Kg2 $2 ({But not} 35. Rxa3 $2 d2 $19) (35. Nxb5 $11 Rxb5 36. Bxd3 Rxe5 37. Rxa3) 35... d2 $19 {[%mdl 1024] Black has strong compensation.} 36. Bc2 Bc6+ 37. Kf2 {Black must now prevent Ke2.} Rb2 38. Bd1 a2 {Hoping for ...Bd5.} 39. Nc4 Rb1 40. Rxa2 {Threatens to win with Ne3.} Rxd1 41. Nxd2 $17 {[%mdl 4096] Endgame KRB-KRN} (41. Rxd2 $142 Rh1 42. Rd4) 41... Bb5 $19 42. Ke3 Rh1 43. Rc2 (43. Ne4 {might work better.}) 43... Rxh5 44. Kd4 $2 (44. Rc5) 44... Rh2 45. Ke3 h5 {[%cal Bh6h5,Bh5h4][%mdl 32]} 46. Kd4 (46. Kf4 $142) 46... Re2 47. Rb2 {[#]} h4 $1 {Precision: White = 37%, Black = 46%.} 0-1

[Event "Kragero Resort Chess A 2018"]
[Site "Kragero"]
[Date "2018.02.25"]
[Round "9"]
[White "Sebastian, Andreas"]
[Black "Sahl, Sheila Barth"]
[Result "0-1"]
[WhiteElo "1880"]
[BlackElo "2181"]
[Annotator "NA"]
[PlyCount "94"]
[EventDate "2018.??.??"]
[EventType "swiss"]
[EventCountry "NOR"]
[SourceTitle "playchess.com"]
[Source "ChessBase"]
[SourceQuality "1"]
[TimeControl "5400+30"]

1. c4 {[%emt 0:00:00]} e5 {[%emt 0:06:00]} 2. g3 {[%emt 0:01:05]} Nf6 {[%emt 0:00:07]} 3. Bg2 {[%emt 0:00:05]} d5 {[%emt 0:00:06]} 4. cxd5 {[%emt 0:00:12]} Nxd5 {[%emt 0:00:03]} 5. Nc3 {[%emt 0:00:31]} Nb6 {[%emt 0:00:07]} 6. Nf3 {[%emt 0:00:26]} Nc6 {[%emt 0:00:09]} 7. O-O {[%emt 0:00:25]} Be7 {[%emt 0:00:12]} 8. d3 {[%emt 0:01:11]} O-O {[%emt 0:00:14]} 9. a3 {[%emt 0:00:04]} Be6 {[%emt 0:00:47]} 10. b4 {[%emt 0:00:10]} a6 {[%emt 0:08:24]} 11. Bb2 {[%emt 0:05:33]} f5 {[%emt 0:00:41]} 12. e3 {[%emt 0:04:04]} Bf6 {[%emt 0:01:12]} 13. Qe2 {[%emt 0:00:24]} Qe8 {[%emt 0:02:22]} 14. Nd2 {[%emt 0:01:24]} Rd8 {[%emt 0:02:04]} 15. Rfd1 {[%emt 0:02:04]} Qf7 {[%emt 0:05:31]} 16. Rac1 {[%emt 0:09:11]} Rd7 {[%emt 0:00:35]} 17. Ncb1 {[%emt 0:00:56]} Rfd8 {[%emt 0:05:03]} 18. Bxc6 {[%emt 0:05:34]} bxc6 {[%emt 0:00:04]} 19. Nf3 {[%emt 0:00:29]} Qh5 {[%emt 0:06:37]} 20. Rd2 {[%emt 0:04:40]} e4 {[%emt 0:08:49]} 21. Nd4 {[%emt 0:05:30]} Qxe2 {[%emt 0:00:24]} 22. Rxe2 {[%emt 0:01:59]} exd3 {[%emt 0:00:41]} 23. Rd2 {[%emt 0:07:30]} Nc4 {[%emt 0:11:11]} 24. Nxe6 {[%emt 0:01:32]} Nxd2 {[%emt 0:00:45]} 25. Bxf6 {[%emt 0:01:19]} Nxb1 {[%emt 0:02:41]} 26. Bxd8 {[%emt 0:02:42]} d2 {[%emt 0:00:53]} 27. Rxb1 {[%emt 0:00:50]} d1=Q+ {[%emt 0:00:11]} 28. Rxd1 {[%emt 0:00:27]} Rxd1+ {[%emt 0:00:03]} 29. Kg2 {[%emt 0:00:09]} Rd6 {[%emt 0:00:32]} 30. Nxg7 {[%emt 0:02:36]} Kxg7 {[%emt 0:03:05]} 31. Bxc7 {[%emt 0:00:16]} Rd3 {[%emt 0:00:19]} 32. a4 {[%emt 0:00:18]} Kf6 {[%emt 0:00:18]} 33. Kf3 {[%emt 0:01:58]} Ke6 {[%emt 0:00:37]} 34. Bb6 {[%emt 0:00:06]} Rd2 {[%emt 0:01:36]} 35. e4 {[%emt 0:01:18]} Rc2 {[%emt 0:02:43]} 36. exf5+ {[%emt 0:02:59]} Kxf5 {[%emt 0:00:03]} 37. a5 {[%emt 0:00:14]} Rc3+ {[%emt 0:00:42]} 38. Kg2 {[%emt 0:00:40]} h5 {[%emt 0:09:22]} 39. Kh3 {[%emt 0:08:56]} Rc4 {[%emt 0:00:29]} 40. Bc5 {[%emt 0:00:11]} Kg5 {[%emt 0:00:49]} 41. f4+ {[%emt 0:05:29]} Kf5 {[%emt 0:01:33]} 42. Kh4 {[%emt 0:00:31]} Rc2 {[%emt 0:00:19]} 43. h3 {[%emt 0:00:08]} Rh2 {[%emt 0:00:31]} 44. g4+ {[%emt 0:01:12]} hxg4 {[%emt 0:00:39]} 45. Kg3 {[%emt 0:00:24]} Rxh3+ {[%emt 0:00:05]} 46. Kg2 {[%emt 0:00:44]} Kxf4 {[%emt 0:00:15]} 47. Bd6+ {[%emt 0:00:06] Ke5} Ke4 {[%emt 0:00:14]} 0-1